000 00924nam a2200229Ia 4500
003 OSt
005 20241028141013.0
007 ca aa aaaaa
008 201103s9999 xx 000 0 und d
040 _cSSBUL
041 _abur
082 _223
_a၂၉၄.၃၈၂၃ ဉာ
_b၉၁၄၆ S-SAT
100 0 _aဉာဏ၊ အရှင်။
245 1 0 _aဓမ္မရတနာမြတ်စင်္ကြာ /
_cအရှင်ဉာဏ။
250 _a
260 _aမန္တလေး ၊
_bအောင်ဇေယျစာပေ၊
_c[ခုနှစ်မပါ]။
300 _a၁၈၆ စာမျက်နှာ ၊
_c၁၈ စင်တီ။
500 _aS-SAT: Dr. Sai Aung Tun
650 _aဗုဒ္ဓတရားတော်
650 _aဓမ္မစက်ြာ
_955083
942 _2ddc
_cBK1
999 _c16676
_d16676